01517nam a2200325Ia 450000500170000000800410001702000150005808200190007310000250009224500870011725000190020430000510022349000130027465000330028765000390032065000400035965000480039970000360044794200120048326400300049533600270052533700330055233800280058504000350061399900150064895201300066395201330079395201320092695201330105820220317001221.0160825s2002 sp a g 000 0 spa  a844931190X04a658.3124bL66a1 aLópez Camps, Jordi10aAprender a planificar la formacióncJordi López Camps, Isaura Leal Fernández a1a. edición  a148 páginas bilustraciones, tablas c20 cm  aAprender142LEMBaCambio organizacional 142LEMBaCapacitación de empleados 142LEMBaCapacitación de ejecutivos 142LEMBaCapacitación de personal directivo 1 aLeal Fernández, Isaura967738 2ddccBK aBarcelonabPaidósc2002 atextobtxt2rdacontent asin mediaciónbn2rdamedia avolumenbnc2rdacarrier aCO-BoRNBPbspaerdacCO-BoRNBP c6274d6274 00102ddc40708GENaMEDORADObMEDORADOcGENd2023-01-10o658.3124 L66apDOR00637r2023-01-10 00:00:00tEj.1w2023-01-10yBK 00102ddc40708GENaMESMARTIbMESMARTIcGENd2023-08-14l0o658.3124 L66apSM001614r2023-08-14 19:33:58tEj.1w2023-08-14yBK 00102ddc40708GENaMEBAUPIAbMEBAUPIAcGENd2025-07-08l0o658.3124 L66apBUP1784r2025-07-08 16:23:07tEj.1w2025-07-08yBK 00102ddc40708GENaMEPLOPEZbMEPLOPEZcGENd2025-07-22l0o658.3124 L66apPLZ02498r2025-07-22 11:10:54tEj.1w2025-07-22yBK